00622cam a2200193 a 4500020002500000020002200025082001700047100002000064245003600084260004400120300002000164650001000184650003700194700001900231856005800250942000700308952009600315999001700411 a9781570756900 (pbk.) a1570756902 (pbk.)00a291.172bOMA1 aAyoub, Mahmoud.12aA Muslim view of Christianity : aMaryknoll, N.Y. :bOrbis Books,cc2007. axviii, 264 p. ; 0aIslam 0aChristianity and other religions1 aOmar, Irfan A.41uhttp://www.loc.gov/catdir/toc/ecip077/2006103207.html cBK 00104070aHMIbHMIcGENd2018-10-23l0o291.172 OMAp11003705r2026-01-16w2026-01-16yBK c22337d22337